| 000 | 00588nam a22001817a 4500 | ||
|---|---|---|---|
| 999 |
_c187645 _d187645 |
||
| 005 | 20220427102557.0 | ||
| 010 | _aENG-132412 | ||
| 020 |
_a9788191047325 _c200.00 |
||
| 035 | _aEN-115944 | ||
| 037 | _bDBAD/PUB | ||
| 082 | _a181.499 | ||
| 100 | _aSai, Vasantha | ||
| 245 |
_aBeyond the Upanishads/ _cVasantha Sai |
||
| 260 |
_aMadurai _bVasanthasni Books and Publications Trust _c2006 |
||
| 270 |
_aRoyapalayam Village Road, Madurai-Virudhunagar Road _bMadurai _e625706 _mmukthinilayam@rediffmail.com |
||
| 300 |
_a266p. _c22cm(pbk) |
||
| 942 |
_2ddc _cEN _h181.499 _mSAI |
||